000
00311nam a2200133Ia 4500
008
231129s1989||||xx |||||||||||||| ||spa||
040
_b
spa
082
_a
Co861 M184s
100
_a
Madrid-Malo Nestor
245
0
_a
Sonetos reunidos
260
_c
1989
264
_a
Instituto Caro y Cuervo
942
_2
ddc
_c
BKS
999
_c
24824
_d
24824